| 000 | 01983nam a2200505 i 4500 | ||
|---|---|---|---|
| 001 | 15998 | ||
| 003 | KOSZ 005 | ||
| 005 | 20200507133516.0 | ||
| 008 | 031022s1975 pl a f |000 0 pol | ||
| 015 | _aUWD 1975/4988 | ||
| 035 | _a991021790119705066 | ||
| 035 | _a(PL-WaBN)b15887364-48omnis_nlop | ||
| 035 | _ab15887364 | ||
| 035 | _a(OCoLC)830527115 | ||
| 035 | _a(PL)b0000001588736 | ||
| 035 | _a(EXLNZ-48OMNIS_NETWORK)9910510633905606 | ||
| 040 |
_aWA N _cWA N _dKOSZ 005/HR |
||
| 041 | 0 |
_apol _beng _brus |
|
| 046 | _k1975 | ||
| 080 | _a621.315 | ||
| 100 | 1 |
_aFleszyński, Janusz _d(1941- ) _eAutor |
|
| 245 | 1 | 0 |
_aWybrane zagadnienia z wytrzymałości elektrycznej olejowych układów izolacyjnych / _cJanusz Fleszyński, Bogdan Lutyński, Jerzy Sorokiewicz. |
| 260 |
_aWrocław : _bWydaw. PW, _c1975. |
||
| 300 |
_a46 s. : _bil., tab., wykr. ; _c24 cm. |
||
| 336 |
_aTekst _btxt _2rdacontent |
||
| 337 |
_aBez urządzenia pośredniczącego _bn _2rdamedia |
||
| 338 |
_aWolumin _bnc _2rdacarrier |
||
| 380 | _aKsiążki | ||
| 380 | _aPublikacje naukowe | ||
| 388 | _a1901-2000 | ||
| 388 | _a1945-1989 | ||
| 490 | 1 |
_aPrace Naukowe Instytutu Podstaw Elektrotechniki i Elektrotechnologii Politechniki Wrocławskiej. Studia i Materiały ; _vnr 7 |
|
| 500 | _aNumeracja serii gł.: nr 11. | ||
| 504 | _aBibliogr. | ||
| 546 | _aStreszcz. ang., ros. | ||
| 650 | 7 |
_aOleje izolacyjne _2DBN |
|
| 658 | _aInżynieria i technika | ||
| 700 | 1 |
_aLutyński, Bogdan _eAutor |
|
| 700 | 1 |
_aSorokiewicz, Jerzy _eAutor |
|
| 830 | 0 |
_aPrace Naukowe Instytutu Podstaw Elektrotechniki i Elektrotechnologii Politechniki Wrocławskiej _v11 |
|
| 830 | 0 |
_aPrace Naukowe Instytutu Podstaw Elektrotechniki i Elektrotechnologii Politechniki Wrocławskiej. _pStudia i Materiały _v7 |
|
| 856 |
_uhttp://koha.tu.koszalin.pl/cgi-bin/koha/opac-detail.pl?biblionumber=15998 _yKatalog online BPK |
||
| 942 |
_2UKD _cKS |
||
| 999 |
_c15998 _d15998 |
||